| 000 | 00815 a2200169 4500 | ||
|---|---|---|---|
| 003 | NUST | ||
| 005 | 20230126190250.0 | ||
| 040 | _cNust | ||
| 082 | _a900,YOU | ||
| 100 |
_aYoung , Ernest _9107831 |
||
| 245 |
_aSIAM: _bpeeps at Many Lands / _cErnest Young |
||
| 260 |
_aLondon _bAdam Charles Black |
||
| 300 | _a82;p. | ||
| 505 | _aA Peep into Siamese History (Page-1), In Eastern Venice (Page-5), Down the River (Page-10), The Children (Page-15), Schools (Page-18), Amusements (Page-22), The Story of Buddha (Page-27), The Monks (Page-34), The Temples (Page-39),The Shaving of the Top-Knot (Page-44), Houses (Page-48), Food and Dress (Page-55), Fishing (Page-56), Rice (Page-60), A Ploughing Ceremony (Page-65), Elephants (Page-75), Trail by Ordeal (Page-79). | ||
| 650 | _aHistory | ||
| 942 |
_2ddc _cBK _k900,YOU |
||
| 999 |
_c186175 _d186175 |
||